Sistema de inspecciones de Defensa Penal Pública
Na minha lista:
| Autor Corporativo: | |
|---|---|
| Formato: | Livro |
| Idioma: | espanhol |
| Publicado em: |
Santiago
Centro de Documentación Defensoría Penal Pública
2008
|
| Colecção: | Documentos Oficiales, 4
|
| Assuntos: | |
| Tags: |
Adicionar Tag
Sem tags, seja o primeiro a adicionar uma tag!
|
MARC
| LEADER | 00000nam a2200000 a 4500 | ||
|---|---|---|---|
| 001 | UCG2595 | ||
| 003 | CL-VaPUC | ||
| 008 | 100715e20081200CL |||||||||||||||||spa|d | ||
| 020 | |a 9789568349196 | ||
| 082 | 0 | 4 | |a 345.8305 |b CEN |2 21 |
| 110 | 2 | |a Centro de Documentación Defensoría Penal Pública |e author |9 551069 | |
| 245 | 1 | 0 | |a Sistema de inspecciones de Defensa Penal Pública |
| 300 | |a 113 p | ||
| 942 | |c BK | ||
| 945 | |d 20100715 00:00:00 |a mfarfan | ||
| 260 | |a Santiago |b Centro de Documentación Defensoría Penal Pública |c 2008 | ||
| 600 | 0 | 7 | |a DEFENSORIA PENAL PUBLICA |2 CL-VaPUC |9 551070 |
| 650 | 7 | |a DOCUMENTOS OFICIALES |2 CL-VaPUC |9 505982 | |
| 650 | 0 | |a Derecho procesal penal |9 256392 | |
| 650 | 7 | |a INSPECCIONES |2 CL-VaPUC |9 551071 | |
| 650 | 0 | |a Auditoría interna |9 462725 | |
| 583 | |a last modification |c 20100715 00:00:00 |k Rodrigo Vera | ||
| 490 | 0 | |a Documentos Oficiales, 4 | |
| 999 | |c 341725 |d 341723 | ||
| 952 | |0 0 |1 0 |4 0 |6 345_830500000000000_CEN_2008 |7 0 |8 A |9 437416 |a BIBDER |b BIBDER |d 2019-11-22 |i 4695356 |o 345.8305 CEN 2008 |p 4695356 |r 2023-01-25 |w 2019-11-22 |y BK |k DER | ||
| 952 | |0 0 |1 0 |4 0 |6 345_830500000000000_CEN_2008 |7 0 |8 A |9 437417 |a BIBDER |b BIBDER |d 2019-11-22 |i 4695364 |o 345.8305 CEN 2008 |p 4695364 |r 2023-01-25 |w 2019-11-22 |y BK |k DER | ||